¿Se debe ceder ante los adolescentes? / (Registro nro. 29765)
[ vista simple ]
| 000 -LEADER | |
|---|---|
| fixed length control field | 01061nam a22002537a 4500 |
| 003 - CONTROL NUMBER IDENTIFIER | |
| control field | OSt |
| 005 - DATE AND TIME OF LATEST TRANSACTION | |
| control field | 20221027112458.0 |
| 008 - FIXED-LENGTH DATA ELEMENTS--GENERAL INFORMATION | |
| fixed length control field | 221027t2007 sp ||||gr|||| 00| 0 spa d |
| 020 ## - INTERNATIONAL STANDARD BOOK NUMBER | |
| International Standard Book Number | 9788431537944 |
| 040 ## - CATALOGING SOURCE | |
| Original cataloging agency | CO-JMCR |
| Language of cataloging | spa |
| Transcribing agency | CO-JMCR |
| 041 1# - LANGUAGE CODE | |
| Language code of text/sound track or separate title | spa |
| Language code of original | ita |
| 082 04 - DEWEY DECIMAL CLASSIFICATION NUMBER | |
| Classification number | 173.5 / |
| Item number | D339s |
| Edition number | 23 |
| 100 1# - MAIN ENTRY--PERSONAL NAME | |
| Personal name | Delaroche, Patrick, |
| Relator term | autor |
| 9 (RLIN) | 42431 |
| 245 11 - TITLE STATEMENT | |
| Title | ¿Se debe ceder ante los adolescentes? / |
| Statement of responsibility, etc. | Patrick Delaroche ; traducción de Sonia Saura |
| 260 ## - PUBLICATION, DISTRIBUTION, ETC. | |
| Place of publication, distribution, etc. | Barcelona : |
| Name of publisher, distributor, etc. | De Vecchi, |
| Date of publication, distribution, etc. | ©2007 |
| 300 ## - PHYSICAL DESCRIPTION | |
| Extent | 285 páginas ; |
| Dimensions | 23 cm |
| 490 0# - SERIES STATEMENT | |
| Series statement | Cuestiones de padres |
| 500 ## - GENERAL NOTE | |
| General note | Título original: Doit-on céder aux adolescents? |
| 505 0# - FORMATTED CONTENTS NOTE | |
| Formatted contents note | La pubertad: ¿crisis corporal o crisis relacional? -- La violencia puede esconder otro tipo de violencia? -- Cuando las dificultades del adolescente revelan una carencia de obligaciones -- La necesidad de la autoridad paterna en la adolescencia |
| 650 14 - SUBJECT ADDED ENTRY--TOPICAL TERM | |
| Topical term or geographic name entry element | Adolescentes |
| General subdivision | Psicología |
| 9 (RLIN) | 42432 |
| 650 24 - SUBJECT ADDED ENTRY--TOPICAL TERM | |
| Topical term or geographic name entry element | Padres y adolescentes |
| 9 (RLIN) | 42433 |
| 700 1# - ADDED ENTRY--PERSONAL NAME | |
| Personal name | Saura, Sonia, |
| Relator term | traductora |
| 9 (RLIN) | 42434 |
| 942 ## - ADDED ENTRY ELEMENTS (KOHA) | |
| Source of classification or shelving scheme | Dewey Decimal Classification |
| Koha item type | Books |
| Withdrawn status | Lost status | Source of classification or shelving scheme | Damaged status | Not for loan | Home library | Current library | Date acquired | Total Checkouts | Full call number | Barcode | Date last seen | Copy number | Price effective from | Koha item type |
|---|---|---|---|---|---|---|---|---|---|---|---|---|---|---|
| Dewey Decimal Classification | Biblioteca Pública José María del Castillo y Rada | Biblioteca Pública José María del Castillo y Rada | 10/27/2022 | 173.5 / D339s | 201811527 | 05/16/2024 | Ej.1 | 10/27/2022 | Books |